Companies Based in Major U.S. Cities (Part 1) - Statistics

General Stats
  • This quiz has been taken 37 times
  • The average score is 7 of 15
Answer Stats
Hint Answer % Correct
Coca Cola Atlanta
100%
Amazon Seattle
69%
Chevrolet Detroit
62%
The Walt Disney Co. Los Angeles
55%
FedEx Memphis
52%
Target Minneapolis
52%
IBM New York
41%
Nike Portland
41%
McDonalds Chicago
38%
Coors Denver
38%
Tesla Austin
31%
AT&T Dallas
31%
Lowe's Charlotte
24%
Wells Fargo San Francisco
24%
Office Depot Boca Raton
3%
No matching quizzes found
Score Distribution
Percent of People with Each Score
Percentile by Number Answered
Your Score History
You have not taken this quiz